000 00660nam a2200205Ii 4500
003 JO-AjNU
008 230606s9999||||xx |||||||||||||| ||und||
040 _aJO-AjNU
_beng
_erda
_cJO-AjNU
041 _aeng
050 1 4 _aLB1139.5.R43.M248 2010
100 3 _aMallett,Margaret,
_eauthor
_92414
245 0 0 _aChoosing And Using Fiction And Non-Fiction 3-11:A comprehensive Guide For Teachers And Student Teachers
250 _a1 ed
264 3 1 _aUSA:Routledge,2010
300 _a392P
336 _atext
_btxt
_2rdacontent
337 _aunmediated
_bn
_2rdamedia
338 _avolume
_bnc
_2rdacarrier
650 4 _aReading. Children-Books And Reading.
_92415
999 _aE1265
_c1265
_d1265